000 00421nam a2200181Ia 4500
001 13495
005 20260306164805.0
008 260306t2017||||xx |||||||||||||| ||spa||
041 _aESP
082 _a004.368
_bK92
100 _aKuhn, Roland
_eAUT
245 0 _aReactive design patterns
260 _c2017
300 _axxv, 359 páginas :
_c23 cm.
650 _aGEN
654 _aCCC
942 _cLIB
_dJUS
_fJUS
_2ddc
_n
999 _c13495
_d13495